zpět

Detail výsledku týmu

Koupák, Neratovice

Datum a čas kvízu

34 Celkem bodů Celkový počet nahraných bodů na tomto kvízu bez doplňovacích otázek.
3. Pořadí na kvízu Konečné umístění týmu na tomto kvízu.

Zaznamenané odpovědi

# Otázka Odpověď Body Výsledky
1. Marek Hilšer a Jiří Drahoš ozn... 1
2. Orbánova vláda minulý týden za... 0
3. Jak se jmenuje první osobnost,... 1
4. Nový nástupce kompaktní třídy... 1
5. Málo vídaného výsledku 6:0 dos... 0
6. V hlasování na facebooku poraz... 1
7. "Ten Francin je nějaké ____ na... 1
8. Novela Taneční hodiny pro star... 1
9. Kterým slovem, pro Hrabala typ... 1
10. Celkem kolik osob cestuje dopr... 1